| 000 | 00535 a2200205 4500 | ||
|---|---|---|---|
| 003 | OSt | ||
| 005 | 20180116182826.0 | ||
| 008 | 170807b xxu||||| |||| 00| 0 eng d | ||
| 020 | _a8126501847 | ||
| 040 | _c0 | ||
| 082 | _a005.7565 DIE 2001 | ||
| 100 | _aCarol McCullough-Dieter, | ||
| 245 |
_aOracle8i for Dummies _cCarol McCullough-Dieter |
||
| 250 | _a1st | ||
| 260 |
_aIndia _bIDG Books _c2001 |
||
| 300 |
_a408p _bpb. |
||
| 440 | _aOracle8i for Dummies | ||
| 500 | _aPaper cover | ||
| 942 |
_aNBS _cBK _k005.7565 DIE 2001 _2ddc |
||
| 999 |
_c346702 _d346702 |
||